| 000 | 00932 a2200253 4500 | ||
|---|---|---|---|
| 005 | 20211101093152.0 | ||
| 008 | 211101b2019 my ||||| |||| 00| 0 eng d | ||
| 020 |
_a9789674126827 _c1 _6RM 24 |
||
| 040 | _aAKMAL | ||
| 082 | 0 | 4 | _a363.45 MNS |
| 090 | 0 | 0 |
_a363.45 _bMNS |
| 100 | 0 |
_a Mohammad Naji Shah Mohammadi _99281 |
|
| 245 | 1 | 4 |
_aTHE ROLE OF ECONOMIC COOPERATION ORGANIZATION ON ILLEGAL DRUG TRAFFICKING ACTIVITIES : _bLegal and Social Challenges _cMohammad Naji Shah Mohammadi, Salawati Mat Basir |
| 264 | 1 |
_aBangi, Selangor : _bPenerbit Universiti Kebangsaan Malaysia, _c2019 |
|
| 300 |
_a211 pages _billustrations, maps _c23cm |
||
| 500 | _aIncludes index | ||
| 504 | _aBibliography: pages 181-206 | ||
| 599 | _aDALAM PROSES | ||
| 650 | 1 | 0 |
_a Drug traffic _99282 |
| 650 | 2 | 0 |
_a Drugs _99283 |
| 650 | 2 | 0 |
_aGovernment publications _zMalaysia _99284 |
| 700 | 0 |
_a Salawati Mat Basir _eauthor. _99285 |
|
| 942 |
_2ddc _cBOOK |
||
| 999 |
_c4900 _d4900 |
||